000 00311nam a2200097Ia 4500
008 171204s9999 xx 000 0 und d
245 _aManaging DB2 for Z/Os Utilities With DB2 Tools Solution Packs:
260 _c2013
650 _xADVANCED DATABASE SYSTEM
856 _uhttp://down.ebook777.com/058/0738438472.pdf
999 _c347089
_d347089